Secrets of the Mummies / (Record no. 7800)

MARC details
000 -LEADER
fixed length control field 00937nam a22002897a 4500
001 - CONTROL NUMBER
control field 7800
003 - CONTROL NUMBER IDENTIFIER
control field FISKH
005 - DATE AND TIME OF LATEST TRANSACTION
control field 20250807140112.0
008 - FIXED-LENGTH DATA ELEMENTS--GENERAL INFORMATION
fixed length control field 250807b cb ||||| |||| 00| 0 eng d
020 ## - INTERNATIONAL STANDARD BOOK NUMBER
International Standard Book Number 9781465409409
040 ## - CATALOGING SOURCE
Original cataloging agency FISKH
Language of cataloging eng
Transcribing agency FISKH
Modifying agency FISKH
050 ## - LIBRARY OF CONGRESS CALL NUMBER
Classification number GT3340 .G75
082 ## - DEWEY DECIMAL CLASSIFICATION NUMBER
Classification number 393
100 ## - MAIN ENTRY--PERSONAL NAME
Personal name Griffey, Harriet
245 ## - TITLE STATEMENT
Title Secrets of the Mummies /
Statement of responsibility, etc. Written by Harriet Griffey
250 ## - EDITION STATEMENT
Edition statement This edition first published in 1998
260 ## - PUBLICATION, DISTRIBUTION, ETC.
Place of publication, distribution, etc. New York :
Name of publisher, distributor, etc. DK Pulbishing,
Date of publication, distribution, etc. 1998
300 ## - PHYSICAL DESCRIPTION
Extent 48 pages :
Other physical details color illustrations ;
Dimensions 23 cm
505 ## - FORMATTED CONTENTS NOTE
Formatted contents note W<br/>
520 ## - SUMMARY, ETC.
Summary, etc. Discusses the Egyptian preservation of dead bodies, stories associated with mummies, and mummies from different cultures, including Incan and Sicilian.<br/>
521 8# - TARGET AUDIENCE NOTE
Target audience note 860<br/>
Source Lexile<br/>
521 8# - TARGET AUDIENCE NOTE
Target audience note W<br/>
Source Raz-Plus<br/>
650 ## - SUBJECT ADDED ENTRY--TOPICAL TERM
Source of heading or term Egypt
Topical term or geographic name entry element Ancient civilizations
650 ## - SUBJECT ADDED ENTRY--TOPICAL TERM
Source of heading or term Ancient Egypt
Topical term or geographic name entry element History
942 ## - ADDED ENTRY ELEMENTS (KOHA)
Source of classification or shelving scheme Dewey Decimal Classification
Koha item type Books
Suppress in OPAC No
Holdings
Withdrawn status Lost status Source of classification or shelving scheme Damaged status Not for loan Collection Home library Current library Shelving location Date acquired Total Checkouts Full call number Barcode Date last seen Copy number Price effective from Koha item type
    Dewey Decimal Classification     Non-Fiction Footprints International School Library Network Toul Tom Poung Campus Footprints International School Library Network Toul Tom Poung Campus TTP Secondary Non-Fiction Bookshelves 08/07/2025   GRI 393 GT3340 .G75 2025-3847 08/07/2025 1 08/07/2025 Books